La primera guerra mundial / (Record no. 150020)

MARC details
000 -LEADER
campo de control de longitud fija 00787nam a2200205 i 4500
001 - NÚMERO DE CONTROL
campo de control 150020
003 - IDENTIFICADOR DE NÚMERO DE CONTROL
campo de control ES-MaACL
005 - FECHA Y HORA DE LA ÚLTIMA TRANSACCIÓN
campo de control 20230906203340.0
007 - CAMPO FIJO DE DESCRIPCIÓN FÍSICA--INFORMACIÓN GENERAL
campo de control de longitud fija t|
008 - DATOS DE LONGITUD FIJA--INFORMACIÓN GENERAL
campo de control de longitud fija 071025s1972 sp ||||1| spa d
100 1# - ENTRADA PRINCIPAL--NOMBRE DE PERSONA
Nombre de persona Valluy, J. E.
9 (RLIN) 112957
245 13 - MENCIÓN DEL TÍTULO
Título La primera guerra mundial /
Mención de responsabilidad, etc. General J. E. Valluy ; con la colaboración de Pierre Dufourcq ; traducido por A. M. Mayench Marull.
260 ## - PUBLICACIÓN, DISTRIBUCIÓN, ETC.
Lugar de publicación, distribución, etc. [Barcelona] :
Nombre del editor, distribuidor, etc. Carroggio,
Fecha de publicación, distribución, etc. [1972]
300 ## - DESCRIPCIÓN FÍSICA
Extensión 2 v. :
Otras características físicas mapas, il. n. y col. ;
Dimensiones 30 cm.
505 8# - NOTA DE CONTENIDO CON FORMATO
Nota de contenido con formato Contiene: I: 1914-1916. De Sarajevo a Verdún. 320 p. II: 1916-1918. De Verdún a Rethondes. 335 p.
650 14 - PUNTO DE ACCESO ADICIONAL DE MATERIA--TÉRMINO DE MATERIA
Término de materia o nombre geográfico como elemento de entrada Guerra mundial, 1914-1918.
9 (RLIN) 13212
700 1# - ENTRADA AGREGADA--NOMBRE PERSONAL
Nombre de persona Dufourcq, Pierre.
9 (RLIN) 45910
700 1# - ENTRADA AGREGADA--NOMBRE PERSONAL
Nombre de persona Mayench Marull, A. M:.
9 (RLIN) 79341
852 ## - LOCALIZACIÓN
Ubicación ES-MaACL
Número de control de estantería C-42900-1
Sublocalización o colección R.83153
Holdings
Estatus retirado Estado de pérdida Estado de daño No para préstamo Biblioteca de origen Biblioteca actual Ubicación en estantería Fecha de adquisición Fuente de adquisición Total de préstamos Signatura topográfica completa Código de barras Visto por última vez Precio de reemplazo Tipo de ítem Koha
        Biblioteca del Ateneo de Madrid Biblioteca del Ateneo de Madrid Depósito 2 17/01/2008     C-42900-1 1156543 23/02/2023 23/02/2023 Libro impreso